| 000 | 00463cam a2200205 4500 | ||
|---|---|---|---|
| 001 | D5554 | ||
| 008 | 090401t1972 xxu||||| |||| 00| 0 eng d | ||
| 035 | _a(Sirsi) u55594 | ||
| 041 | _aeng | ||
| 050 | _a694.014 | ||
| 100 | _aHickin, Norman E | ||
| 245 | 4 | _aThe dry rot problem | |
| 250 | _a2nd | ||
| 260 |
_aLondon _bHutchinson _c1972 |
||
| 300 | _a115p. ill. 24cm | ||
| 350 | _a2 | ||
| 490 | _aThe Rentokil Library | ||
| 942 | _n0 | ||
| 948 | _c04/03/1997 | ||
| 999 |
_c93628 _d93628 |
||